| 000 | 00525nam a22001937a 4500 | ||
|---|---|---|---|
| 003 | koha_MIRAKIL | ||
| 005 | 20231213095945.0 | ||
| 008 | 231213b |||||||| |||| 00| 0 ||| d | ||
| 020 | _b978-6-05-314042-9 | ||
| 040 |
_aTR-IsEVY _btur _cTR-IsEVY |
||
| 082 | _a836.912 ZWE/M | ||
| 100 | _aZweig, Stefan. | ||
| 245 | 0 |
_aMektuplaşmalar _b1912-1942 |
|
| 260 |
_bAyrıntı Yayınları, _c2015 |
||
| 300 | _a474 s. | ||
| 650 | _aAlman edebiyatı -- Mektuplar. | ||
| 650 | _aGerman literature -- Letters. | ||
| 942 |
_2ddc _cBK |
||
| 999 |
_c12184 _d12184 |
||